Responses for show #7608 - Wednesday, October 11, 2017

Austin Rogers game 12.

Contestants

[<< previous game]

Brian Kato, a State Department contractor from Washington, D.C.

Lisa Rhae Burgess, a retired high school teacher from Surfside Beach, South Carolina

Austin Rogers, a bartender from New York, New York (whose 11-day cash winnings total $394,700)

[next game >>]

Jeopardy! Round responses

TV SITCOMS BY MOM
(Alex: We'll give you the mom.)
THEY'RE HISTORY!
ACC SCHOOLS
B OFF!
CARVE OUT
A PLACE FOR YOURSELF
    $200 1
The Addams Family

Lisa Rhae
    $200 6
Attila

Austin
    $200 27
the University of Virginia

Lisa Rhae
    $200 11
Abel

Lisa Rhae
    $200 16
Martin Luther King, (Jr.)

Austin
    $200 21
cabin

Brian
    $400 2
Modern Family

Austin
    $400 7
(Brian: What is Carthage?)

Egypt

AustinBrian
    $400 28
University of Pittsburgh

Triple Stumper
    $400 12
oar

Brian
    $400 17
jade

Brian
    $400 26
man cave

Austin
    $600 3
Married, With Children

Lisa Rhae
    $600 8
Ponce de Leon

Brian
    $600 29
Boston College

Brian
    $600 13
ump

Austin
    $600 18
scrimshaw

Austin
    $600 24
a chapel

Brian
    $800 4
The Middle

Triple Stumper
    $800 9
Patrick Henry

Austin
    $800 30
(University of) Louisville

Austin
    $800 14
ail

Lisa Rhae
    $800 19
petroglyphs

Lisa Rhae
    $4,200 23
(Alex: Came to you in the nick of time.)

a study

Austin
    $1000 5
Family Ties

Lisa Rhae
    $1000 10
Mountbatten

Austin
    $1000 25
Wake Forest

Lisa Rhae
    $1000 15
ach

Austin
    $1000 20
runes

Austin
    $1000 22
a berth

Austin

Scores at the first commercial break (after clue 15):

Austin Lisa Rhae Brian
$4,400 $2,800 $600

Scores at the end of the Jeopardy! Round:

Austin Lisa Rhae Brian
$12,600 $4,800 $2,400

Double Jeopardy! Round responses

THE NATIONAL RECORDING REGISTRY
(Alex: That's at the Library of Congress.)
GOING TO THE MATTRESSES
THERE'LL ALWAYS BE AN ENGLAND
(Alex: Of course.)
3-LETTER WORDS
(Alex: That sounds easy.)
POWER TO THE PAPAL
"AU"THORS
    $400 16
"Amazing Grace"

Austin
    $400 30
-pedic

Brian
    $400 6
rose

Austin
    $400 8
urn

Lisa Rhae
    $400 29
Assisi

Lisa Rhae
    $400 1
Jane Austen

Brian
    $800 17
(Austin: What is Fear of a Black Planet?)

Straight Outta Compton

AustinLisa Rhae
    $800 24
goose

Brian
    $800 7
Bailey

Lisa Rhae
    $800 9
(Brian: What is...fist bump.)

dap

Brian
Triple Stumper
    $800 28
Gregory

Austin
    $800 2
W. H. Auden

Brian
    $1200 18
(Brian: What is Wait, Wait, Don't Tell Me?)
(Austin: What is Wait, Wait, Don't Tell Me?)

All Things Considered

AustinBrian
Triple Stumper
    $1200 23
Sleep Number

Austin
    $1200 12
Rhodes Scholarship

Brian
    $1200 10
Zen

Lisa Rhae
    $1200 27
change his name

Brian
    $3,600 3
(Brian: Sorry.)
(Alex: The A-U comes up in [*]. [*]. You drop to 0. Go again.)

St. Augustine

Brian
    $1600 19
(Scott) Joplin

Brian
    $1600 22
(Austin: What is a king mattress?)

California king

AustinLisa Rhae
    $2,000 13
1066

Brian
    $1600 11
nib

Austin
    $1600 26
(Alex: Oddly, because it's Pope [*].)

Sixtus

Triple Stumper
    $1600 4
(Lisa Rhae: Who is McCallaugh?)

Jean Auel

Lisa Rhae
Triple Stumper
    $2000 20
(Brian: What is "Let Every Voice Be Heard"?)

"Lift Every Voice and Sing"

Brian
Triple Stumper
    $2000 21
(Lisa Rhae: What is Serta?)

Simmons

Lisa RhaeBrian
    $2000 14
Boxing Day

Brian
    $2000 15
pip

Austin
    $2000 25
(Alex: You've probably heard the term. Papal [*].)

nuncio

Triple Stumper
    $2000 5
Paul Auster

Triple Stumper

Scores at the end of the Double Jeopardy! Round:

Austin Lisa Rhae Brian
$15,400 $6,400 $7,200
(lock game)

[wagering suggestions for these scores]

Final Jeopardy! Round responses

VISUAL VOCABULARY
(Alex: That's a tough one.)
(Alex: The Latin word for the cuttlefish is [*].)
Lisa RhaeWhat is sepia?
$6,000
BrianWhat is sepia?
$5,601
AustinWhat is sepia?
$900
sepia

Final scores:

Austin Lisa Rhae Brian
$16,300 $12,400 $12,801
12-day champion: $411,000 3rd place: $1,000 2nd place: $2,000

Game dynamics:

Coryat scores:

Austin Lisa Rhae Brian
$12,000 $6,400 $10,400
20 R
(including 1 DD),
3 W
14 R,
2 W
16 R
(including 1 DD),
5 W
(including 1 DD)

Combined Coryat: $28,800

The J! Archive is created by fans, for fans. The Jeopardy! game show and all elements thereof, including but not limited to copyright and trademark thereto, are the property of Jeopardy Productions, Inc. and are protected under law. This website is not affiliated with, sponsored by, or operated by Jeopardy Productions, Inc. Join the discussion at JBoard.tv.